000 00408cam a22001217a 4500
008 180718b2009 xxu||||| |||| 00| 0 eng d
082 _aAPPPA 2008-09/KUM
100 _aJitendra Kumar
245 _aWater resource management- steps taken by northern railways
_cby Jitendra Kumar
260 _aNew Delhi
_bIndian Institute of Public Administration
_c2009
300 _a121p.
650 _aWater resource management
999 _c495188
_d495188